000 01008cam a2200181 4500
001 ##WS134748
008 060830n 000 0 eng u
035 _a(Sirsi) u134748
041 0 _aeng
110 1 _aUnited Kingdom
_bDepartment for Environment, Food and Rural Affairs
245 0 0 _aDEFRA Wiki
_benvironmental contract
520 _aInvites public participation in an experiment in collaborative working - a Wiki (named after the Internet Wikipedia) - to develop the idea of an environmental contract through direct stakeholder input into the contract drafting process. Provides links to the environmental contract pages, further discussion, food for thought pages and advises on how to edit or create pages. Registration is currently not necessary.
590 _aIKA050906
651 4 _aUnited Kingdom
_y
690 _aENVIRONMENTAL AND LAND CONSULTANCY-ENVIRONMENTAL MANAGEMENT
856 4 0 _uhttps://wiki.defra.gov.uk/WikiHome
_zView the website free of charge at www.defra.gov.uk...
942 _n0
999 _c120507
_d120507